[Event "Leiden op-A 13th"]
[Site "Leiden"]
[Date "2019.07.19"]
[Round "7"]
[White "Van Vliet, Jeffrey"]
[Black "Hoogland, Mike"]
[Result "1-0"]
[WhiteElo "2380"]
[BlackElo "2148"]
[PlyCount "115"]
[EventDate "2019.07.12"]
[EventType "swiss"]
[EventRounds "9"]
[EventCountry "NED"]
[SourceTitle "EXT 2020"]
[Source "ChessBase"]
[SourceDate "2019.10.17"]
[SourceVersion "1"]
[SourceVersionDate "2019.10.17"]
[SourceQuality "1"]

1. e4 c5 2. Nf3 d6 3. c3 Nf6 4. Be2 g6 5. 0-0 Bg7 6. Re1 0-0 7. Bf1 Nc6 8. h3 e5 9. d3 d5 10. Nbd2 Re8 11. Qb3 d4 12. g3 a6 13. c4 Rb8 14. Qc2 Bf8 15. a3 Bd7 16. Bg2 b5 17. Kh2 h6 18. Ng1 Bd6 19. Ne2 Nh5 20. b3 Kh7 21. Rf1 g5 22. Qd1 Ng7 23. Nf3 Ne6 24. h4 Rg8 25. hxg5 hxg5 26. Rh1 Qf6 27. Qd2 Rg6 28. Kg1+ Kg7 29. Rh5 Rh8 30. Rxh8 Kxh8 31. Kf1 Be7 32. Bb2 Qg7 33. cxb5 axb5 34. Qc2 g4 35. Nfg1 Qf6 36. Bc1 Rg8 37. Bd2 Rc8 38. f4 gxf3 39. Nxf3 Kg7 40. Kg1 Qg6 41. Rf1 Qg4 42. Rf2 Rh8 43. b4 cxb4 44. axb4 Qh5 45. Qb3 Be8 46. Kf1 Nc7 47. Nh4 Bxh4 48. Bf3 Qh7 49. Rh2 Bd7 50. gxh4 Kf8 51. h5 Rg8 52. Kf2 Ne6 53. Qd5 Ke7 54. h6 Rd8 55. Ng3 Nf4 56. Bxf4 exf4 57. Qc5+ Ke8 58. Nh5 1-0

[Event "Leiden Noteboom Memorial 79th"]
[Site "Leiden"]
[Date "2019.02.24"]
[Round "6"]
[White "Van Vliet, Jeffrey"]
[Black "Bekker, Stefan"]
[Result "1-0"]
[WhiteElo "2379"]
[BlackElo "2257"]
[PlyCount "45"]
[EventDate "2019.02.22"]
[EventType "swiss"]
[EventRounds "6"]
[EventCountry "NED"]
[SourceTitle "CBM 189 Extra"]
[Source "ChessBase"]
[SourceDate "2019.06.03"]
[SourceVersion "1"]
[SourceVersionDate "2019.06.03"]
[SourceQuality "1"]

1. e4 c5 2. Nf3 d6 3. c3 Nf6 4. Be2 Bg4 5. h3 Bh5 6. 0-0 Nc6 7. d4 cxd4 8. cxd4 d5 9. e5 Ne4 10. Qb3 Qd7 11. e6 Qxe6 12. Ng5 Nxg5 13. Bxh5 g6 14. Bg4 f5 15. Bxg5 fxg4 16. Nc3 0-0-0 17. Rac1 Qf5 18. Bh4 Bh6 19. Nb5 Bxc1 20. Rxc1 Kd7 21. Nd6 Na5 22. Qb5+ Kxd6 23. Qc5+ 1-0

[Event "Leiden op-A 12th"]
[Site "Leiden"]
[Date "2018.07.20"]
[Round "7"]
[White "Van Vliet, Jeffrey"]
[Black "Himanshu, Sharma"]
[Result "1/2-1/2"]
[WhiteElo "2360"]
[BlackElo "2420"]
[PlyCount "140"]
[EventDate "2018.07.13"]
[EventType "swiss"]
[EventRounds "9"]
[EventCountry "NED"]
[SourceTitle "CBM 185 Extra"]
[Source "ChessBase"]
[SourceDate "2018.07.29"]
[SourceVersion "1"]
[SourceVersionDate "2018.07.29"]
[SourceQuality "1"]

1. e4 c5 2. Nf3 Nc6 3. Bb5 g6 4. 0-0 Bg7 5. Re1 e5 6. c3 Nge7 7. d4 cxd4 8. cxd4 exd4 9. Bf4 a6 10. Bc4 b5 11. Bd5 0-0 12. Bd6 Bb7 13. Nbd2 h6 14. Nb3 Re8 15. Nc5 Nxd5 16. exd5 Na5 17. Be5 Bxe5 18. Nxe5 Bxd5 19. Qxd4 Nc6 20. Qxd5 Rxe5 21. Rxe5 Nxe5 22. Re1 d6 23. Nb7 Qe7 24. Kf1 Qc7 25. Nxd6 Rd8 26. Nxb5 Qc4+ 27. Qxc4 Nxc4 28. Nc7 Nxb2 29. Nxa6 Rd4 30. Nc5 Rc4 31. Nb3 Nd3 32. Re2 Rc7 33. Rd2 Rc3 34. Ke2 Nf4+ 35. Kf1 Nd3 36. Nd4 Nb4 37. Ke2 Kg7 38. g3 h5 39. h4 Rc7 40. Rb2 Re7+ 41. Kd2 Nd5 42. a3 Nf6 43. Kd3 Ra7 44. Ra2 Ra4 45. Nb3 Ne4 46. f3 Nxg3 47. Nc5 Ra5 48. Kc4 Nf5 49. Kb4 Ra8 50. a4 Nxh4 51. f4 Nf5 52. a5 Ne7 53. a6 Rb8+ 54. Kc4 Nc6 55. Ra4 h4 56. Nd7 Rh8 57. Kc5 h3 58. Ra1 h2 59. Rh1 Ra8 60. Kxc6 Rxa6+ 61. Kd5 Ra4 62. Ke5 Ra2 63. Nc5 Re2+ 64. Kd4 f6 65. Ne4 Kf7 66. Kd3 Ra2 67. Nd2 Ra3+ 68. Ke4 Ra4+ 69. Ke3 Ra3+ 70. Kf2 Ke6 1/2-1/2

[Event "Leiden Noteboom Memorial 77th"]
[Site "Leiden"]
[Date "2017.02.26"]
[Round "6"]
[White "Kevlishvili, Robby"]
[Black "Van Vliet, Jeffrey"]
[Result "1-0"]
[WhiteElo "2414"]
[BlackElo "2357"]
[PlyCount "67"]
[EventDate "2017.02.24"]
[EventType "swiss"]
[EventRounds "6"]
[EventCountry "NED"]
[SourceTitle "CBM 177 Extra"]
[Source "ChessBase"]
[SourceDate "2017.04.27"]
[SourceVersion "1"]
[SourceVersionDate "2017.04.27"]
[SourceQuality "1"]

1. e4 c5 2. Nf3 e6 3. b3 Nc6 4. Bb2 d6 5. d4 cxd4 6. Nxd4 Nxd4 7. Qxd4 Nf6 8. c4 Be7 9. g3 0-0 10. Bg2 a6 11. 0-0 e5 12. Qd3 b5 13. Na3 Qb6 14. cxb5 axb5 15. Nxb5 Ba6 16. a4 Rab8 17. Rfb1 Bxb5 18. axb5 Qxb5 19. Qxb5 Rxb5 20. Bc3 Rc8 21. Be1 Rcb8 22. b4 d5 23. Bf1 R5b7 24. exd5 Nxd5 25. b5 Bc5 26. Bg2 Rd7 27. Bxd5 Rxd5 28. b6 Bd4 29. Ra3 Kf8 30. b7 Rdd8 31. Ra6 Bc5 32. Ba5 Rd7 33. Ra8 Bd6 34. Bb4 1-0

[Event "Leiden SB-ch"]
[Site "Leiden"]
[Date "2011.06.07"]
[Round "4"]
[White "Van Vliet, Jeffrey"]
[Black "Van Haastert, Edwin"]
[Result "0-1"]
[WhiteElo "2288"]
[BlackElo "2417"]
[PlyCount "72"]
[EventDate "2011.05.17"]
[EventType "swiss"]
[EventRounds "7"]
[EventCountry "NED"]
[SourceTitle "EXT 2012"]
[Source "ChessBase"]
[SourceDate "2011.11.24"]
[SourceVersion "1"]
[SourceVersionDate "2011.11.24"]
[SourceQuality "1"]

1. e4 c5 2. Nf3 e6 3. d4 cxd4 4. Nxd4 a6 5. Bd3 Bc5 6. Nb3 Be7 7. 0-0 d6 8. c4 Nf6 9. Nc3 0-0 10. Qe2 Nbd7 11. f4 b6 12. Rf3 Bb7 13. Rh3 Qc7 14. g4 g6 15. g5 Nh5 16. Be3 d5 17. Rxh5 dxc4 18. Bxc4 gxh5 19. Nd4 Rac8 20. Bd3 Bc5 21. e5 Nxe5 22. fxe5 Qxe5 23. Qf2 Rcd8 24. Nce2 f5 25. gxf6 Rxf6 26. Qg3+ Qxg3+ 27. hxg3 Rf3 28. Nxf3 Bxe3+ 29. Kf1 Rxd3 30. Ne5 Rd5 31. Nc4 Rf5+ 32. Ke1 Bc5 33. Kd2 b5 34. Ne3 Rf2 35. Nd1 Rh2 36. Rc1 Bb6 0-1

[Event "Haarlem BDO-A"]
[Site "Haarlem"]
[Date "2008.08.09"]
[Round "1"]
[White "Burmakin, Vladimir"]
[Black "Van Vliet, Jeffrey"]
[Result "1/2-1/2"]
[WhiteElo "2625"]
[BlackElo "2296"]
[PlyCount "105"]
[EventDate "2008.08.09"]
[EventType "tourn"]
[EventRounds "9"]
[EventCountry "NED"]
[EventCategory "8"]
[SourceTitle "CBM 125 Extra"]
[Source "ChessBase"]
[SourceDate "2008.09.01"]
[SourceVersion "1"]
[SourceVersionDate "2008.09.01"]
[SourceQuality "1"]

1. Nf3 d5 2. c4 e6 3. b3 Nf6 4. g3 Be7 5. Bg2 0-0 6. 0-0 c5 7. cxd5 Nxd5 8. Bb2 Nc6 9. Nc3 Bf6 10. Qc1 b6 11. Nxd5 Bxb2 12. Qxb2 Qxd5 13. d4 Rb8 14. dxc5 bxc5 15. Rfd1 Qh5 16. Rac1 Ba6 17. Rd6 Rb6 18. g4 Qh6 19. Rxc5 Nb4 20. Rd7 Nd5 21. e3 Bb7 22. h3 Nf6 23. g5 Qh5 24. gxf6 Qxc5 25. fxg7 Rc8 26. Qf6 Qf5 27. Qxf5 exf5 28. Ne5 Bxg2 29. Kxg2 Rc5 30. f4 Rc2+ 31. Kg3 Rxa2 32. Nxf7 Kxg7 33. Ne5+ Kf6 34. Rxh7 Rxb3 35. Kf3 Rbb2 36. Rh6+ Ke7 37. Nc6+ Kf7 38. Ne5+ Kg7 39. Rg6+ Kh7 40. Rf6 Rf2+ 41. Kg3 Rg2+ 42. Kh4 Rge2 43. Rxf5 Rxe3 44. Rf7+ Kg8 45. Rb7 a5 46. Kg5 a4 47. Kf6 Rb3 48. Rg7+ Kf8 49. Ra7 Rb6+ 50. Kf5 Ke8 51. h4 a3 52. h5 Rh2 53. Ke4 1/2-1/2

[Event "Leiden SB-ch"]
[Site "Leiden"]
[Date "2008.06.10"]
[Round "4"]
[White "Fritschy, Frits"]
[Black "Van Vliet, Jeffrey"]
[Result "0-1"]
[WhiteElo "2100"]
[BlackElo "2285"]
[PlyCount "110"]
[EventDate "2008.05.20"]
[EventType "swiss"]
[EventRounds "7"]
[EventCountry "NED"]
[SourceTitle "EXT 2012"]
[Source "ChessBase"]
[SourceDate "2011.11.24"]
[SourceVersion "1"]
[SourceVersionDate "2011.11.24"]
[SourceQuality "1"]

1. d4 d5 2. c4 c6 3. Nf3 Nf6 4. Nc3 a6 5. c5 b6 6. cxb6 Qxb6 7. Bf4 e6 8. Na4 Qa5+ 9. Bd2 Qc7 10. a3 Nbd7 11. Rc1 Ne4 12. Qc2 Bb7 13. Bb4 Bxb4+ 14. axb4 0-0 15. e3 a5 16. b5 Qd6 17. bxc6 Qb4+ 18. Nc3 Bxc6 19. Bd3 Rfb8 20. 0-0 Qxb2 21. Nxd5 Bxd5 22. Bxe4 Qxc2 23. Bxc2 a4 24. e4 Bc4 25. Rfd1 Be2 26. Re1 Bxf3 27. gxf3 a3 28. Ra1 Rb2 29. Re2 e5 30. dxe5 Nxe5 31. Bd1 Nxf3+ 32. Kf1 Rxe2 33. Kxe2 Ne5 34. Bb3 g5 35. Ke3 Ng6 36. Kd4 Kg7 37. Kc5 Nf4 38. Bc4 Kf6 39. Kb6 a2 40. Rxa2 Rxa2 41. Bxa2 Nd3 42. Kb5 Nxf2 43. e5+ Kxe5 44. Bxf7 Ng4 45. Kc4 Nxh2 46. Kd3 Kf4 47. Ke2 Ng4 48. Bd5 h5 49. Bb7 Nf6 50. Kf2 Ne4+ 51. Kg2 g4 52. Kh2 h4 53. Kg2 h3+ 54. Kh2 Ng5 55. Ba6 g3+ 0-1

[Event "Haarlem BDO-B"]
[Site "Haarlem"]
[Date "2007.??.??"]
[Round "9"]
[White "Sminia, Jelmer"]
[Black "Van Vliet, Jeffrey"]
[Result "1/2-1/2"]
[WhiteElo "2192"]
[BlackElo "2246"]
[PlyCount "61"]
[EventDate "2007.08.18"]
[EventType "tourn"]
[EventRounds "9"]
[EventCountry "NED"]
[SourceTitle "CBM 120 Extra"]
[Source "ChessBase"]
[SourceDate "2007.11.01"]
[SourceVersion "1"]
[SourceVersionDate "2007.11.01"]
[SourceQuality "1"]

1. e4 c5 2. Nf3 Nc6 3. c3 d5 4. exd5 Qxd5 5. d4 Bg4 6. Be2 e6 7. 0-0 Nf6 8. Be3 cxd4 9. cxd4 Bd6 10. h3 Bh5 11. Nc3 Qa5 12. Qb3 Qb4 13. Qc2 Bg6 14. Qc1 0-0 15. a3 Qa5 16. b4 Qd8 17. Rd1 Rc8 18. Qb2 Ne4 19. Rac1 Nxc3 20. Rxc3 Ne7 21. Rxc8 Qxc8 22. d5 Nxd5 23. Bxa7 Qc2 24. Qxc2 Bxc2 25. Rc1 Bg6 26. Bd4 Ra8 27. Ne5 Nf4 28. Bf3 Be4 29. Kf1 Bxe5 30. Bxe5 Bxf3 31. Bxf4 1/2-1/2

[Event "Haarlem BDO-B"]
[Site "Haarlem"]
[Date "2007.??.??"]
[Round "4"]
[White "Van Vliet, Jeffrey"]
[Black "Heemskerk, Wim"]
[Result "1/2-1/2"]
[WhiteElo "2246"]
[BlackElo "2237"]
[PlyCount "60"]
[EventDate "2007.08.18"]
[EventType "tourn"]
[EventRounds "9"]
[EventCountry "NED"]
[SourceTitle "CBM 120 Extra"]
[Source "ChessBase"]
[SourceDate "2007.11.01"]
[SourceVersion "1"]
[SourceVersionDate "2007.11.01"]
[SourceQuality "1"]

1. e4 e6 2. d4 d5 3. Nc3 Bb4 4. e5 Ne7 5. a3 Bxc3+ 6. bxc3 c5 7. Nf3 Bd7 8. Rb1 Qc7 9. Bd3 Nbc6 10. 0-0 c4 11. Be2 f6 12. Bf4 0-0-0 13. Qd2 f5 14. h4 Rdg8 15. g3 Nd8 16. Kg2 Be8 17. Ng5 g6 18. Nh3 Nf7 19. Bg5 Nxg5 20. hxg5 Nc6 21. Rh1 Qe7 22. Qc1 Nd8 23. Ng1 Nf7 24. Nf3 h6 25. gxh6 g5 26. h7 Rg7 27. Qb2 Rgxh7 28. Rxh7 Rxh7 29. Qb4 Qxb4 30. cxb4 Ba4 1/2-1/2

[Event "Haarlem BDO-B"]
[Site "Haarlem"]
[Date "2007.??.??"]
[Round "1"]
[White "Van Vliet, Jeffrey"]
[Black "Van Assendelft, Floris"]
[Result "0-1"]
[WhiteElo "2246"]
[BlackElo "2297"]
[PlyCount "82"]
[EventDate "2007.08.18"]
[EventType "tourn"]
[EventRounds "9"]
[EventCountry "NED"]
[SourceTitle "CBM 120 Extra"]
[Source "ChessBase"]
[SourceDate "2007.11.01"]
[SourceVersion "1"]
[SourceVersionDate "2007.11.01"]
[SourceQuality "1"]

1. e4 c5 2. Nf3 d6 3. d4 Nf6 4. Nc3 cxd4 5. Nxd4 a6 6. a4 Nc6 7. Be2 e6 8. 0-0 Be7 9. Be3 Qc7 10. f4 0-0 11. Nb3 b6 12. Bf3 Rb8 13. Qd2 Bb7 14. Rad1 Na5 15. Nxa5 bxa5 16. g4 Ba8 17. g5 Nd7 18. e5 d5 19. Bd4 Bc5 20. Rb1 Bxd4+ 21. Qxd4 Rb4 22. Qd2 Rc8 23. Rf2 Nb6 24. Nd1 Nxa4 25. c3 Rbb8 26. Qc2 Nb6 27. Qd3 Nc4 28. Ne3 Nxe3 29. Qxe3 Qc5 30. Qxc5 Rxc5 31. Ra1 Rcb5 32. Ra2 g6 33. Rc2 Rc5 34. Rd2 Bc6 35. Be2 Rb6 36. Kf2 a4 37. Ke3 Bb5 38. Rd4 a3 39. Bxb5 axb2 40. Rxb2 Rxc3+ 41. Kd2 Rh3 0-1

[Event "Amsterdam ACT op 3rd"]
[Site "Amsterdam"]
[Date "2006.07.22"]
[Round "8"]
[White "Hopman, Pieter"]
[Black "Van Vliet, Jeffrey"]
[Result "1-0"]
[WhiteElo "2304"]
[BlackElo "2250"]
[PlyCount "61"]
[EventDate "2006.07.15"]
[EventType "swiss"]
[EventRounds "9"]
[EventCountry "NED"]
[SourceTitle "CBM 113 Extra"]
[Source "ChessBase"]
[SourceDate "2006.09.14"]
[SourceVersion "1"]
[SourceVersionDate "2006.09.14"]
[SourceQuality "1"]

1. d4 Nf6 2. c4 e6 3. Nc3 Bb4 4. Qc2 b6 5. e4 Bxc3+ 6. bxc3 d6 7. f4 Bb7 8. Bd3 e5 9. Ne2 Qe7 10. Ng3 g6 11. 0-0 Nbd7 12. c5 h5 13. cxd6 cxd6 14. fxe5 dxe5 15. Bg5 h4 16. Bb5 0-0-0 17. Ne2 Qe6 18. Bxd7+ Nxd7 19. d5 Qg4 20. Bxd8 Rxd8 21. h3 Qg5 22. Rxf7 Qe3+ 23. Kh2 Nc5 24. c4 Ba6 25. Rxa7 Kb8 26. Rf7 Qxe4 27. Qxe4 Nxe4 28. Rb1 Bxc4 29. Rxb6+ Ka8 30. Rf3 Ka7 31. Rb4 1-0

[Event "Hengelo U20 op"]
[Site "Hengelo"]
[Date "2005.08.12"]
[Round "7"]
[White "Van Vliet, Jeffrey"]
[Black "Van den Berg, Hilke"]
[Result "1-0"]
[WhiteElo "2202"]
[BlackElo "2163"]
[PlyCount "63"]
[EventDate "2005.08.??"]
[EventType "swiss"]
[EventRounds "9"]
[EventCountry "NED"]
[SourceTitle "CBM 107 Extra"]
[Source "ChessBase"]
[SourceDate "2005.09.01"]
[SourceVersion "1"]
[SourceVersionDate "2005.09.01"]
[SourceQuality "1"]

1. e4 c5 2. Nf3 d6 3. d4 cxd4 4. Nxd4 Nf6 5. f3 e5 6. Bb5+ Bd7 7. Bxd7+ Qxd7 8. Nb3 d5 9. Bg5 d4 10. c3 Nc6 11. cxd4 Bb4+ 12. N1d2 Nxd4 13. 0-0 Rd8 14. Nc4 Qc7 15. Bxf6 gxf6 16. Ne3 Nxb3 17. Qxb3 Bc5 18. Kh1 Bxe3 19. Qxe3 Rd4 20. Rac1 Qd8 21. f4 Rg8 22. Qh3 Rd7 23. fxe5 fxe5 24. Qxh7 Kf8 25. Qh6+ Ke8 26. Rc5 f6 27. Rxe5+ Kf7 28. Ref5 Rg6 29. Qh7+ Rg7 30. Qh5+ Kg8 31. Rxf6 Rd2 32. Rh6 1-0

[Event "NED-ch U20"]
[Site "Schagen"]
[Date "2005.05.02"]
[Round "4"]
[White "Michielsen, Joost"]
[Black "Van Vliet, Jeffrey"]
[Result "1-0"]
[WhiteElo "2281"]
[BlackElo "2203"]
[PlyCount "75"]
[EventDate "2005.04.29"]
[EventType "swiss"]
[EventRounds "9"]
[EventCountry "NED"]
[SourceTitle "EXT 2013"]
[Source "ChessBase"]
[SourceDate "2012.11.22"]
[SourceVersion "1"]
[SourceVersionDate "2012.11.22"]
[SourceQuality "1"]

1. e4 g6 2. d4 Bg7 3. Nc3 c6 4. Be3 d5 5. f3 e6 6. Qd2 b6 7. 0-0-0 Ba6 8. h4 Bxf1 9. Rxf1 h5 10. Nge2 Na6 11. Bg5 f6 12. Be3 Ne7 13. g4 Nc7 14. gxh5 gxh5 15. Rhg1 Kf7 16. Rg3 Qd7 17. Rfg1 Rag8 18. Nf4 Ne8 19. Ng6 Nxg6 20. Rxg6 Nd6 21. Qg2 Kf8 22. Kb1 Qf7 23. Qg3 Ne8 24. Ne2 a5 25. Nf4 Ke7 26. Nd3 Rh7 27. Qb8 Kf8 28. Qxb6 Qc7 29. Qc5+ Kf7 30. Bf4 Qd7 31. Qxa5 dxe4 32. Nc5 Qe7 33. fxe4 Rhh8 34. Qa6 Bf8 35. Rxg8 Rxg8 36. Rxg8 Kxg8 37. Qxc6 e5 38. Be3 1-0

[Event "Stork Young Masters op"]
[Site "Hengelo"]
[Date "2004.08.14"]
[Round "9"]
[White "Van Vliet, Jeffrey"]
[Black "Veltman, Jelmer"]
[Result "1-0"]
[WhiteElo "2216"]
[BlackElo "2053"]
[PlyCount "53"]
[EventDate "2004.08.??"]
[EventType "tourn"]
[EventRounds "9"]
[EventCountry "NED"]
[SourceTitle "CBM 101 Extra"]
[Source "ChessBase"]
[SourceDate "2004.09.01"]
[SourceVersion "2"]
[SourceVersionDate "2004.09.01"]
[SourceQuality "1"]

1. e4 c5 2. Nf3 Nc6 3. d4 cxd4 4. Nxd4 Qc7 5. Nb5 Qb8 6. c4 Nf6 7. N5c3 e6 8. Be3 b6 9. Qd2 Bc5 10. Bf4 d6 11. a3 a5 12. Be2 Bb7 13. Qd3 Ne5 14. Qc2 0-0 15. 0-0 d5 16. exd5 exd5 17. Nxd5 Nxd5 18. cxd5 Bxd5 19. Rd1 Bb7 20. Qf5 Re8 21. Bb5 Re7 22. Nc3 Bd6 23. Nd5 Bxd5 24. Rxd5 Nf3+ 25. gxf3 Bxf4 26. Bc6 Raa7 27. Qxf4 1-0